Music Quiz

Random Music or Bands Quiz

Rock and Roll Hall of Famers by Band Members Quiz Stats

 Plays Quiz Updated Dec 13, 2017

Challenge
Share
Tweet
Embed
Score 0/66 Timer 14:00
6 Plays Today
Three Members Group % Correct
John Lennon, Paul McCartney, George HarrisonThe Beatles
95.4%
Mick Jagger, Keith Richards, Brian JonesThe Rolling Stones
94.6%
Michael Jackson, Jermaine Jackson, Tito JacksonThe Jackson 5
94.2%
Kurt Cobain, Dave Grohl, Krist NovoselicNirvana
94.1%
Freddie Mercury, John Deacon, Brian MayQueen
93.9%
Bono, Adam Clayton, The EdgeU2
93.7%
Axl Rose, Slash, Izzy StradlinGuns N' Roses
93%
Sting, Stewart Copeland, Andy SummersThe Police
92.5%
Steven Tyler, Joe Perry, Joey KramerAerosmith
91.9%
Gene Simmons, Peter Criss, Ace FrehleyKISS
91.8%
Benny Andersson, Agnetha Fältskog, Björn UlvaeusAᗺBA
91.7%
Barry Gibb, Maurice Gibb, Robin GibbBee Gees
91.5%
Jon Bon Jovi, Richie Sambora, David Bryan, Tico TorresBon Jovi
91.4%
Jim Morrison, John Densmore, Robby KriegerThe Doors
90.9%
David Gilmour, Roger Waters, Syd BarrettPink Floyd
90.5%
Brian Wilson, Al Jardine, Mike LoveThe Beach Boys
89.3%
Ozzy Osbourne, Geezer Butler, Tony IommiBlack Sabbath
89.2%
Jimmy Page, Robert Plant, John Paul JonesLed Zeppelin
88.1%
Pete Townshend, Roger Daltrey, Keith MoonThe Who
87.4%
Michael Stipe, Peter Buck, Mike MillsR.E.M.
86.5%
Stevie Nicks, Lindsey Buckingham, Christine McVieFleetwood Mac
86.5%
Phil Collins, Peter Gabriel, Tony BanksGenesis
86.3%
Eric Clapton, Ginger Baker, Jack BruceCream
83.8%
Anthony Kiedis, Flea, Chad SmithRed Hot Chili Peppers
83.3%
Sid Vicious, Johnny Rotten, Steve JonesSex Pistols
83%
Billie Joe Armstrong, Tré Cool, Mike DirntGreen Day
82.4%
Duane Allman, Gregg Allman, Dickey BettsThe Allman Brothers Band
81.7%
Debbie Harry, Chris Stein, Clem BurkeBlondie
81.6%
Diana Ross, Florence Ballard, Mary WilsonThe Supremes
80%
Michael 'Mike D' Diamond, Adam 'Ad-Rock' Horovitz, Adam 'MCA' YauchBeastie Boys
79.5%
John Fogerty, Doug Clifford, Tom FogertyCreedence Clearwater Revival
79.3%
Don Henley, Glenn Frey, Joe WalshEagles
79%
Bon Scott, Angus Young, Brian JohnsonAC/DC
79%
Three Members Group % Correct
Joe Strummer, Mick Jones, Paul SimononThe Clash
75.7%
Mark Knopfler, John Illsley, David Knopfler, Alan ClarkDire Straits
75.2%
James Hetfield, Lars Ulrich, Kirk HammettMetallica
74.9%
Jerry Garcia, Phil Lesh, Ron McKernanThe Grateful Dead
74.7%
Ronnie Van Zant, Gary Rossington, Allen CollinsLynyrd Skynyrd
74.6%
Frank Beard, Billy Gibbons, Dusty HillZZ Top
74.4%
Eric Burdon, Chas Chandler, John SteelThe Animals
73.7%
Ray Davies, Dave Davies, Pete QuaifeThe Kinks
73.1%
Eddie Vedder, Mike McCready, Stone Gossard, Jeff AmentPearl Jam
68.8%
Ann Wilson, Nancy Wilson, Howard LeeseHeart
68.1%
Frankie Valli, Tom DeVito, Bob GaudioThe Four Seasons
67.6%
Grace Slick, Paul Kantner, Jorma KaukonenJefferson Airplane
63.6%
David Byrne, Chris Frantz, Tina WeymouthTalking Heads
63.5%
Geddy Lee, Alex Lifeson, Neil PeartRush
62.9%
John Phillips, Michelle Phillips, Denny DohertyThe Mamas & the Papas
61.9%
Eddie Kendricks, David Ruffin, Otis WilliamsThe Temptations
61.4%
Chrissie Hynde, Martin Chambers, James Honeyman-ScottPretenders
61.3%
Neal Schon, Steve Perry, Jonathan CainJourney
60.6%
Lou Reed, Sterling Morrison, Maureen TuckerThe Velvet Underground
58.6%
Eric Clapton, Jimmy Page, Jeff BeckThe Yardbirds
57.4%
Jeff Lynne, Richard Tandy, Bev BevanElectric Light Orchestra
56.2%
Steve Howe, Alan White, Chris SquireYes
55.3%
Ric Ocasek, Greg Hawkes, Elliot Easton, David Robinson, Benjamin OrrThe Cars
54.6%
David Crosby, Roger McGuinn, Gene ClarkThe Byrds
53.5%
Iggy Pop, Ron Asheton, Scott AshetonThe Stooges
51.4%
'Flavor Flav' Drayton, 'Professor Griff' Griffin, 'Chuck D' RidenhourPublic Enemy
51.3%
Stephen Stills, Neil Young, Richie FurayBuffalo Springfield
49.7%
Graeme Edge, Justin Hayward, John LodgeThe Moody Blues
48.2%
Levon Helm, Richard Manuel, Rick DankoThe Band
46%
Levi Stubbs, Renaldo 'Obie' Benson, Abdul 'Duke' FakirFour Tops
41.3%
Graham Nash, Allan Clarke, Tony HicksThe Hollies
39.4%
Steve Winwood, Jim Capaldi, Chris WoodTraffic
35.7%
Ben E. King, Clyde McPhatter, Bill PinkneyThe Drifters
30.8%

You're not logged in!

Compare scores with friends on all Sporcle quizzes.
OR
Log In

You Might Also Like...

Show Comments

Extras

Top Quizzes Today


Score Distribution

Your Account Isn't Verified!

In order to create a playlist on Sporcle, you need to verify the email address you used during registration. Go to your Sporcle Settings to finish the process.

Report this User

Report this user for behavior that violates our Community Guidelines.

Details: